000 00601nam a22001697a 4500
005 20251108172757.0
008 250721s9999 xx 000 0 ara d
082 1 4 _aم/216/حزم
100 1 _aإبن حزم، ابو محمد علي بن أحمد بن سعيد الظاهري الأندلسي
245 1 0 _aالمحلى في شرح المجلى بالحجج والأثار /
264 1 _aعمان :
_bبيت الأفكار الدولية،
300 _a2241ص
650 1 7 _aالفقه الاسلامي
700 1 _aعبد المنان، حسان
_eed.
942 _2ddc
_cREF
999 _c88246
_d88246